Swans Songs! - Statistics

General Stats
  • This quiz has been taken 59 times
  • The average score is 99 of 206
Answer Stats
Answer % Correct
Cop
94%
A Screw (Holy Money)
81%
A Screw (Holy Money) (Mix, No Lead Vocal)
81%
A Screw (Holy Money) (Mix, W Vocals)
81%
Blind
81%
Greed
81%
Helpless Child
81%
In
81%
Out
81%
The Seer
81%
To Be Kind
81%
Birthing
75%
Cloud of Forgetting
75%
Cloud of Unknowing
75%
Finally, Peace
75%
Frankie M
75%
God Damn The Sun
75%
I Am The Sun
75%
Oxygen
75%
The Glowing Man
75%
The Great Annihilator
75%
Young God
75%
Animus
69%
Bring The Sun / Toussaint L'Ouverture
69%
Children of God
69%
Killing For Company
69%
Love of Life
69%
Red Yellow
69%
The Beggar
69%
The Seer Returns
69%
Time Is Money (Bastard)
69%
YRP
69%
A Little God In My Hands
63%
Apostate
63%
Avatar
63%
Better Than You
63%
Big Strong Boss
63%
Blood Promise
63%
Celebrity Lifestyle
63%
Her
63%
Hypogirl
63%
I Am a Tower
63%
Los Angeles: City of Death
63%
Love Will Save You
63%
Lunacy
63%
Mother_Father
63%
Mother's Milk
63%
Red Velvet Corridor
63%
Red Velvet Wound
63%
Rope (Away)
63%
Screen Shot
63%
She Lives
63%
Some Things We Do
63%
Stay Here
63%
Surrogate Drone
63%
The Sound
63%
Your Property
63%
I Crawled
56%
Just A Little Boy (For Chester Burnett)
56%
Kirsten Supine
56%
Michael Is Done
56%
Mind/Body/Light/Sound
56%
Mother of the World
56%
New Mind
56%
Power and Sacrifice
56%
Power For Power
56%
Raping A Slave
56%
She Loves Us
56%
Surrogate 2
56%
The Beggar Lover (Three)
56%
The Final Sacrifice
56%
The Healers
56%
The Merge
56%
The World Looks Red / The World Looks Black
56%
Volcano
56%
YRP 2
56%
A Hanging
50%
All Lined Up
50%
A Piece of the Sky
50%
Butcher
50%
Eden Prison
50%
Failure
50%
Gang
50%
Guardian Spirit
50%
Half Life
50%
How They Suffer
50%
I Was A Prisoner In Your Skull
50%
Jim
50%
Like A Drug (Sha La La La)
50%
Nathalie Neal
50%
Paradise Is Mine
50%
People Like Us
50%
(---) Pt. 1
50%
(---) Pt. 2
50%
(---) Pt. 3
50%
(---) Pt. 4
50%
(---) Pt. 5
50%
(---) Pt. 6
50%
Telepathy
50%
The Parasite
50%
The Wolf
50%
Thug
50%
You Fucking People Make Me Sick
50%
93 Ave. Blues
44%
Alcohol The Seed
44%
Amnesia
44%
Blind Love
44%
Blood Section
44%
Coward
44%
Ebbing
44%
Fool
44%
Fool (#2)
44%
God Loves America
44%
Her Mouth Is Filled With Honey
44%
In My Garden
44%
Inside Madeline
44%
Leaving Meaning
44%
Live Through Me
44%
Mellothumb
44%
My Buried Child
44%
No Words / No Thoughts
44%
Secret Friends
44%
Song for a Warrior
44%
Song For Dead Time
44%
Song For The Sun
44%
Sunfucker
44%
The Daughter Brings the Water
44%
The Memorious
44%
The Most Unfortunate Lie
44%
This Is Mine
44%
When Will I Return
44%
Where Does A Body End
44%
Yum-Yab Killers
44%
Beautiful Child
38%
Blackout
38%
Clay Man
38%
Empathy
38%
Fan's Lament
38%
Freak
38%
It's Coming It's Real
38%
Job
38%
Little Mouth
38%
Miracle of Love
38%
My Birth
38%
My Phantom Limb
38%
No Cure for the Lonely
38%
Our Love Lies
38%
Real Love
38%
Reeling The Liars In
38%
Sex, God, Sex
38%
Thank You
38%
The Beautiful Days
38%
The Hanging Man
38%
Warm
38%
Why Are We Alive
38%
Why Can't I Have What I Want Any Time That I Want?
38%
Why Hide
38%
You Know Nothing
38%
Annaline
31%
Another You
31%
Blackmail
31%
Cathedrals of Heaven
31%
Heaven
31%
I Love You This Much
31%
Laugh
31%
Minus Something
31%
Mona Lisa, Mother Earth
31%
Nobody
31%
Right Wrong
31%
Saved
31%
(She's A) Universal Emptiness
31%
Take Advantage
31%
The River that Runs with Love Won't Run Dry
31%
Weakling
31%
Will We Survive
31%
You Need Me
31%
You're Not Real, Girl
31%
Anything For You
25%
Blood and Honey
25%
Jane Mary, Cry One Tear
25%
Hums
25%
Identity
25%
Let It Come Down
25%
Money Is Flesh
25%
Money Is Flesh (#2)
25%
Some New Things
25%
Speak
25%
Stupid Child
25%
The Golden Boy That Was Swallowed by the Sea
25%
The Nub
25%
Trust Me
25%
Unforming
25%
What Is This?
25%
When She Breathes
25%
Can't Find My Way Home
19%
No More Of This
19%
Sealed In Skin
19%
See No More
19%
Sensitive Skin
19%
She Cries (For Spider)
19%
The Other Side of the World
19%
In the Eyes of Nature
13%
I Remember Who You Are
13%
The Sound of Freedom
13%
No matching quizzes found
Score Distribution
Percent of People with Each Score
Percentile by Number Answered
Your Score History
You have not taken this quiz